000 00928nam a22002177a 4500
999 _c8255
_d8255
003 AR-CdUCM
008 190322b ||||| |||| 00| 0 spa d
040 _aMUNICIPALIDAD PROVINCIAL DEL CUSCO
_cBIBLIOTECA MUNICIPAL DEL CUSCO
082 _a360 /
_bC27
100 _aCapella, Juan Ramón
_923230
245 _aMateriales para la Crítica de la Filosofía del Estado /
260 _aBarcelona :
_bFontanella S. A. ;
_c1976.
300 _a210 páginas ;
_c21cm
440 _aLibros de Confrontación
_nFilosofía 7
_923231
505 _aContenido:Sobre el estado de derecho y la democracia -- Poder social, política y derecho en el socialismo -- Sobre la extinción del derecho y la supresión de los juristas -- El derecho y la reflexión sobre el derecho -- Sobre la problemática del derecho...
650 _aDerecho
_9739
650 _aPolítico
_97421
650 _aEstado
_9738
942 _2ddc
_cLIBROS
945 _anom